[Event "challenge0"]
[Site "http://www.queenalice.com/game.php?id=1023370"]
[Date "2012.1.31"]
[Round "-"]
[White "constructive"]
[Black "JEFER"]
[Result "1-0"]
[WhiteElo "1500"]
[BlackElo "1684"]

1. d4 d5 2. Nf3 Bf5 3. c4 dxc4 4. Nc3 e6 5. e4 Be7 6. exf5 exf5 7. Bxc4 g6 8.
O-O Nf6 9. Ne5 O-O 10. Bh6 Re8 11. Nxf7 Qd7 12. Ne5+ Nd5 13. Bxd5+ Kh8 14. Nxd7
Nxd7 15. Re1 Nf6 16. Bxb7 Rab8 17. Qb3 Ng4 18. Bf4 Bd6 19. Rxe8+ Rxe8 20. Bxd6
cxd6 21. Qf7 Rg8 22. Bd5 Nh6 23. Qf6+ Rg7 24. Re1 Ng8 25. Re8 h5 26. Rxg8+ Kh7
27. Qxg7# 1-0

[Event "Challenge"]
[Site "http://www.queenalice.com/game.php?id=1026219"]
[Date "2012.2.4"]
[Round "-"]
[White "Vivianna"]
[Black "constructive"]
[Result "1-0"]
[WhiteElo "1392"]
[BlackElo "1588"]

1. d4 d5 2. Nc3 Nf6 3. e3 c5 4. dxc5 e5 5. Nf3 Nc6 6. Be2 Bxc5 7. O-O O-O 8. Bd2
Re8 9. Qe1 d4 10. exd4 Nxd4 11. Nxd4 Bxd4 12. Be3 Bf5 13. Bxd4 exd4 14. Na4 Bxc2
15. Bb5 Rxe1 16. Raxe1 d3 17. Nc3 d2 18. Re2 d1=Q 19. Rxd1 Bxd1 20. Re1 Qd2 21.
Kf1 Rd8 22. g3 Bc2 23. Be2 Ne4 24. Nxe4 Bxe4 25. f3 Bc6 26. g4 Re8 27. h4 Bxf3
28. Kf2 Bxe2 29. g5 Qf4+ 30. Kg2 Bf3+ 31. Kf2 Rxe1 32. Kxe1 Qxh4+ 33. Kd2 Qxg5+
34. Kc2 Qc5+ 35. Kd2 1-0

[Event "Challenge"]
[Site "http://www.queenalice.com/game.php?id=1031973"]
[Date "2012.2.21"]
[Round "-"]
[White "plot24"]
[Black "constructive"]
[Result "1-0"]
[WhiteElo "1860"]
[BlackElo "1503"]

1. e4 c5 2. d4 cxd4 3. Qxd4 Nc6 4. Qe3 e6 5. Bd2 Nf6 6. Bc4 b6 7. Nc3 Bc5 8. Qg3
Nd4 9. Bd3 g6 10. Bg5 h6 11. Bxf6 Qxf6 12. e5 Qg5 13. Qxg5 hxg5 14. Nge2 Bb7 15.
Ne4 Nxe2 16. Kxe2 Bd4 17. Nd6+ Ke7 18. Nxb7 Bxb2 19. Nd6 Bxa1 20. Rxa1 Rxh2 21.
Nb5 Rxg2 22. Be4 Rxf2+ 23. Kxf2 Rc8 24. Rb1 f5 25. Bd3 Rc5 26. Nxa7 Rxe5 27.
Nc8+ Kf6 28. Nxb6 Ke7 29. Nc4 Rd5 30. a4 e5 31. a5 e4 32. a6 exd3 33. cxd3 g4
34. a7 f4 35. Rd1 g3+ 36. Kg2 Rh5 37. a8=Q Rh2+ 38. Kg1 Re2 39. Qf3 Rf2 40. Qxf2
gxf2+ 41. Kxf2 d5 42. Ne5 Kf6 43. Nxg6 Kxg6 44. d4 Kf5 45. Kf3 Kg5 46. Re1 Kf5
47. Re5+ Kf6 48. Kxf4 Kf7 49. Rxd5 Ke6 50. Ke4 Ke7 51. Ke5 Ke8 52. Ke6 Kf8 53.
Rd8+ 1-0

[Event "Challenge4"]
[Site "http://www.queenalice.com/game.php?id=1033069"]
[Date "2012.2.25"]
[Round "-"]
[White "constructive"]
[Black "Agourmay"]
[Result "0-1"]
[WhiteElo "1498"]
[BlackElo "1747"]

1. d4 e6 2. Nf3 d5 3. c4 Nf6 4. Nc3 b6 5. Bg5 Be7 6. e3 Nc6 7. a3 Ba6 8. Qa4 Bb7
9. cxd5 exd5 10. Ne5 a6 11. Nxc6 Qd7 12. Nxe7 Qxa4 13. Nxa4 Kxe7 14. Rc1 Rac8
15. Bd3 Rhd8 16. Bxh7 g6 17. O-O Rh8 18. Bxg6 fxg6 19. f4 Kf7 20. f5 Rhg8 21.
fxg6+ Rxg6 22. Bxf6 Rxf6 23. h4 Kg6 24. g4 Rcf8 25. Rxf6+ Rxf6 26. Nc3 Rf3 27.
Re1 Rg3+ 28. Kh2 Rxg4 29. Kh3 Kh5 30. Rf1 Rxh4+ 31. Kg3 Rg4+ 0-1

[Event "Challenge"]
[Site "http://www.queenalice.com/game.php?id=1033518"]
[Date "2012.2.26"]
[Round "-"]
[White "constructive"]
[Black "LeandroMontalvao"]
[Result "0-1"]
[WhiteElo "1483"]
[BlackElo "1927"]

1. d4 c5 2. Nf3 cxd4 3. Nxd4 Nc6 4. e4 e5 5. Nf3 Nf6 6. Bg5 h6 7. Bh4 Be7 8. Nc3
O-O 9. Bg3 d6 10. h3 Bd7 11. Bc4 Nh5 12. Bh2 Nf4 13. O-O Bg5 14. h4 Bxh4 15.
Nxh4 Qxh4 16. Bg3 Nh3+ 17. gxh3 Qxh3 18. Re1 Nd4 19. Nd5 Bg4 20. Bf1 Qh5 21. Be2
Nf3+ 22. Bxf3 Bxf3 23. Qxf3 Qxf3 24. Re3 Qg4 25. Ne7+ Kh8 26. Nf5 h5 27. Nxd6 h4
28. Nxb7 hxg3 29. Rxg3 Qxe4 30. Nd6 Qxc2 31. b3 Rad8 32. Rh3+ Kg8 33. Nc4 Rd1+
34. Rxd1 Qxd1+ 35. Kg2 Qg4+ 36. Rg3 Qe2 37. Re3 Qxa2 0-1

[Event "AUTO-ADV-2424"]
[Site "http://www.queenalice.com/game.php?id=1033604"]
[Date "2012.2.27"]
[Round "1"]
[White "Tauro"]
[Black "constructive"]
[Result "1-0"]
[WhiteElo "2089"]
[BlackElo "1483"]

1. e4 c5 2. d4 cxd4 3. c3 dxc3 4. Nxc3 Nc6 5. Nf3 e6 6. Bc4 Nge7 7. O-O a6 8.
Bf4 b5 9. Bb3 Bb7 10. Qe2 g6 11. Rfd1 Bg7 12. e5 Nf5 13. Rd2 O-O 14. Rad1 d5 15.
exd6 Nh4 16. Nxh4 Qxh4 17. Bg3 Qd8 18. Ne4 Ne5 19. Bxe5 Qh4 20. Bxg7 Kxg7 21.
Ng3 Bc6 22. Qe5+ f6 23. Qxe6 Rae8 24. Qh3 Qf4 25. d7 Re1+ 26. Rxe1 Qxd2 27. Re7+
1-0

[Event "AUTO-ADV-2424"]
[Site "http://www.queenalice.com/game.php?id=1033605"]
[Date "2012.2.27"]
[Round "1"]
[White "constructive"]
[Black "Tauro"]
[Result "0-1"]
[WhiteElo "1483"]
[BlackElo "2091"]

1. d4 d5 2. Nf3 Bg4 3. Ne5 Bf5 4. c4 e6 5. cxd5 exd5 6. Nc3 Bb4 7. Qa4+ Nc6 8.
Nxc6 Bxc3+ 9. bxc3 bxc6 10. Qxc6+ Kf8 11. Ba3+ Ne7 12. Bxe7+ Kxe7 13. e3 Re8 14.
Bb5 Rf8 15. O-O g6 16. Rfe1 Qd6 17. Qxd6+ Kxd6 18. c4 c6 19. Ba6 Rab8 20. c5+
Kc7 21. a4 Rb4 22. a5 Rfb8 23. h3 h5 24. f3 Re8 0-1

[Event "AUTO-ADV-2424"]
[Site "http://www.queenalice.com/game.php?id=1033620"]
[Date "2012.2.27"]
[Round "1"]
[White "strutz"]
[Black "constructive"]
[Result "1-0"]
[WhiteElo "2071"]
[BlackElo "1588"]

1. e4 c5 2. c3 e6 3. d4 cxd4 4. cxd4 Nf6 5. Nc3 a6 6. Nf3 Nc6 7. Be2 b5 8. a3 d6
9. O-O Bb7 10. Bg5 Be7 11. e5 dxe5 12. dxe5 h6 13. Qxd8+ Rxd8 14. exf6 gxf6 15.
Be3 Bd6 16. Rad1 f5 17. Rd2 f4 18. Bb6 Rd7 19. Rfd1 Ke7 20. Ne4 Ne5 21. Nxd6
Nxf3+ 22. Bxf3 Bxf3 23. gxf3 f5 24. Nxf5+ Kf6 25. Rxd7 Kxf5 26. Rg7 h5 27. Ba5
Rc8 28. Bc3 e5 29. Rd5 Ke6 30. Rxe5+ Kd6 31. Rg6+ Kd7 32. Rxh5 Re8 33. Kg2 Kc8
34. Rxa6 Rd8 35. Rh7 Rg8+ 36. Kf1 Rd8 37. Ra8# 1-0

[Event "AUTO-ADV-2424"]
[Site "http://www.queenalice.com/game.php?id=1033621"]
[Date "2012.2.27"]
[Round "1"]
[White "constructive"]
[Black "strutz"]
[Result "0-1"]
[WhiteElo "1503"]
[BlackElo "2011"]

1. d4 Nf6 2. Nf3 g6 3. c4 Bg7 4. Nc3 d5 5. Bf4 O-O 6. h3 c6 7. Qd2 Bf5 8. Bh6
Nbd7 9. Bxg7 Kxg7 10. g4 Be4 11. Nxe4 Nxe4 12. Qf4 Qa5+ 13. Nd2 Nxd2 14. Qxd2
Qxd2+ 15. Kxd2 f5 16. cxd5 cxd5 17. Bg2 e6 18. gxf5 gxf5 19. Rhg1 Kf6 20. Rac1
Rac8 21. h4 Nb8 22. Kd3 Rc6 23. b4 Rfc8 24. Rxc6 Rxc6 25. b5 Rc4 26. f3 Nd7 27.
e4 Nb6 28. exf5 exf5 29. f4 Rb4 30. Rc1 Rxb5 31. Rc7 Ra5 32. Rxb7 Ra3+ 33. Ke2
Rxa2+ 34. Kf1 h6 35. Rc7 Ra4 36. Rc6+ Kg7 37. Bh3 Rxd4 38. Rc7+ Kg6 39. Rxa7
Rxf4+ 40. Ke2 Rxh4 41. Bf1 Kg5 42. Ke3 d4+ 43. Kd2 Nd5 44. Bd3 Rh2+ 45. Ke1 Nb4
46. Rg7+ Kf4 47. Bb5 d3 48. Rd7 Nc2+ 49. Kd1 Ne3+ 50. Kc1 d2+ 51. Rxd2 Rxd2 52.
Kxd2 Kf3 53. Be2+ Kf2 54. Kd3 Ng4 55. Bd1 h5 56. Ba4 f4 57. Be8 h4 58. Bh5 h3
59. Bxg4 h2 60. Be2 h1=Q 0-1

[Event "AUTO-ADV-2424"]
[Site "http://www.queenalice.com/game.php?id=1033630"]
[Date "2012.2.27"]
[Round "1"]
[White "melr111"]
[Black "constructive"]
[Result "1-0"]
[WhiteElo "1918"]
[BlackElo "1483"]

1. d4 d5 2. Nc3 Nf6 3. Nf3 c5 4. e3 Nc6 5. Bb5 Bd7 6. Bd2 a6 7. Bxc6 Bxc6 8. Ne5
cxd4 9. exd4 e6 10. Qf3 Qb6 11. Nxc6 bxc6 12. O-O Qxd4 13. Be3 Qe5 14. Rfe1 Bd6
15. g3 h5 16. Bf4 Qf5 17. Qe3 Ng4 18. Qd2 Bxf4 19. gxf4 h4 20. h3 Nf6 21. Kh2
Ng4+ 22. hxg4 Qxg4 23. Rg1 Qf3 24. Qe3 Qh5 25. Rg5 Qh6 26. Rag1 Rg8 27. Kh3 Rb8
28. b3 Rd8 29. Qc5 f6 30. Qxc6+ Kf8 31. Qc5+ Kf7 32. Qc7+ Ke8 33. Rxg7 Rxg7 34.
Rxg7 1-0

[Event "AUTO-ADV-2424"]
[Site "http://www.queenalice.com/game.php?id=1033631"]
[Date "2012.2.27"]
[Round "1"]
[White "constructive"]
[Black "melr111"]
[Result "0-1"]
[WhiteElo "1483"]
[BlackElo "1916"]

1. d4 d5 2. Nf3 Nc6 3. c4 Nf6 4. Nc3 e6 5. Bg5 Be7 6. e3 h6 7. Bh4 Bb4 8. Ne5
Bxc3+ 9. bxc3 O-O 10. g4 dxc4 11. Bxc4 g5 12. Bg3 Nxe5 13. dxe5 Qxd1+ 14. Rxd1
Ne4 15. Rd3 Nxg3 16. hxg3 Kg7 17. f4 f6 18. Rd2 b6 19. exf6+ Rxf6 20. fxg5 hxg5
21. Rd8 Bb7 22. Rd7+ Rf7 23. Rxf7+ Kxf7 24. Rf1+ Ke7 25. Bd3 Bg2 26. Rg1 Bh3 27.
Rh1 Bxg4 28. Rh7+ Kd6 29. Rg7 Bf5 30. Bxf5 exf5 31. Rxg5 Ke5 32. g4 Rf8 33. Ke2
Ke4 0-1

[Event "AUTO-OPEN-2621"]
[Site "http://www.queenalice.com/game.php?id=1033809"]
[Date "2012.2.28"]
[Round "1"]
[White "goreb83"]
[Black "constructive"]
[Result "0-1"]
[WhiteElo "2031"]
[BlackElo "1588"]

1. d4 d5 2. c4 Nf6 3. Nc3 Bf5 4. Bg5 Nc6 5. Bxf6 gxf6 6. e3 e5 7. Nxd5 Nb4 8.
Rc1 Nxd5 9. cxd5 Qxd5 10. a3 Bh6 11. Rxc7 Qa5+ 12. Rc3 Bf8 13. Bd3 Bg6 14. Ne2
Bxd3 15. Qxd3 b5 16. O-O Rd8 17. d5 b4 18. axb4 Bxb4 19. Rc6 Rxd5 20. Qf5 Ke7
21. Qxf6+ Kd7 22. Rfc1 Bc5 23. Ra6 Qb5 24. Rxa7+ Bxa7 25. Nc3 Qxb2 26. Qxf7+ Kc8
27. Rb1 Qxb1+ 28. Nxb1 Rd1# 0-1

[Event "AUTO-OPEN-2621"]
[Site "http://www.queenalice.com/game.php?id=1033810"]
[Date "2012.2.28"]
[Round "1"]
[White "constructive"]
[Black "goreb83"]
[Result "0-1"]
[WhiteElo "1483"]
[BlackElo "2016"]

1. d4 f5 2. Nf3 Nf6 3. c4 e6 4. Nc3 b6 5. Bg5 Be7 6. e3 Bb7 7. h3 d6 8. Bd3 Nbd7
9. O-O O-O 10. Nh4 a5 11. Ne2 Ne4 12. Bxe7 Qxe7 13. Nf3 c5 14. Bxe4 fxe4 15. Nh2
d5 16. cxd5 exd5 17. Nf4 Ba6 18. Re1 Nf6 19. Rc1 c4 20. Ng4 Qd6 21. Ne5 b5 22.
b3 Ra7 23. bxc4 bxc4 24. Qa4 Bc8 25. Rb1 Nd7 26. Rb5 Nxe5 27. Rxd5 Qc6 28. Qxc6
Nxc6 29. Rc1 Nb4 30. Rd6 Ba6 31. Ne6 Rf6 32. Rd8+ Kf7 33. d5 h6 34. Rf8+ Kg6 35.
Nf4+ Kh7 36. Rxf6 gxf6 37. d6 Nd3 38. Rd1 Rd7 39. Ne6 Rxd6 40. Nc5 c3 41. Nxe4
c2 42. Rxd3 c1=Q+ 43. Kh2 Rxd3 44. Nxf6+ Kg6 45. Ng4 Rd1 0-1

[Event "AUTO-OPEN-2621"]
[Site "http://www.queenalice.com/game.php?id=1033835"]
[Date "2012.2.28"]
[Round "1"]
[White "constructive"]
[Black "scarabeli"]
[Result "1-0"]
[WhiteElo "1483"]
[BlackElo "1356"]

1. d4 e6 2. Nf3 d5 3. c4 Nf6 4. Bg5 g6 5. Nc3 Bg7 6. e4 Qd6 7. cxd5 exd5 8. e5
Qe6 9. Qd2 O-O 10. Bh6 Ne8 11. Ng5 1-0

[Event "AUTO-OPEN-2621"]
[Site "http://www.queenalice.com/game.php?id=1033836"]
[Date "2012.2.28"]
[Round "1"]
[White "scarabeli"]
[Black "constructive"]
[Result "0-1"]
[WhiteElo "1356"]
[BlackElo "1499"]

1. e4 c5 2. Nf3 Nc6 3. g3 e6 4. Bg2 Nf6 5. O-O d5 6. e5 Ng4 7. c3 Ncxe5 8. Nxe5
Nxe5 9. d4 Ng6 10. Be3 e5 11. dxc5 Be6 0-1

[Event "AUTO-OPEN-2621"]
[Site "http://www.queenalice.com/game.php?id=1033837"]
[Date "2012.2.28"]
[Round "1"]
[White "constructive"]
[Black "REDWOLF"]
[Result "0-1"]
[WhiteElo "1487"]
[BlackElo "1433"]

1. d4 f5 2. Nf3 Nf6 3. c4 e6 4. Bg5 Be7 5. Nc3 O-O 6. e3 c6 7. Ne5 d6 8. Nd3 d5
9. Ne5 Ne4 10. Bxe7 Qxe7 11. cxd5 exd5 0-1

[Event "AUTO-OPEN-2621"]
[Site "http://www.queenalice.com/game.php?id=1033838"]
[Date "2012.2.28"]
[Round "1"]
[White "REDWOLF"]
[Black "constructive"]
[Result "1-0"]
[WhiteElo "1413"]
[BlackElo "1513"]

1. g3 d5 2. Bg2 Nf6 3. Nf3 c5 4. O-O Nc6 5. c3 e5 6. d4 cxd4 7. cxd4 exd4 8.
Nxd4 Nxd4 9. Qxd4 Be6 10. Bg5 h6 11. Bxf6 gxf6 12. Nc3 Rg8 13. Bxd5 1-0